000 00285nam a22001337a 4500
008 210305b ||||| |||| 00| 0 eng d
041 _aeng
080 _22nd
_a94
082 _22nd
_a94
100 _a18
101 _aSHH
245 _aThe Human Odyssey
_cKaplan,S.P
942 _2udc
_cBK
999 _c55847
_d55847